Dragon's ring /

Fionn, a black dragon, is bent on destroying the magical plane of Tasmarin, a community where the only hope lies in a female human mage who has fallen in with Fionn but actually may affect his dark plans after all.

Bibliographic Details
Main Author: Freer, Dave
Format: Book
Language:English
Published: Riverdale, NY : New York : Baen Books ; Distributed by Simon & Schuster, ©2009.
Subjects:
Online Access:Contributor biographical information
Publisher description

MARC

Tag First Indicator Second Indicator Subfields
LEADER 00000cam a2200000 a 4500
001 in00005616021
008 090430s2009 nyu 000 1 eng
005 20250203180846.8
010 |a  2009017405 
035 |a (OCoLC)ocn316828590 
040 |a DLC  |b eng  |c DLC  |d BTCTA  |d YDXCP  |d UKM  |d ORX  |d C#P  |d HEBIS  |d OCLCQ  |d FT6  |d BDX  |d OCLCO  |d OCLCQ  |d OCLCF  |d OCLCO  |d TXNCL  |d OCLCO  |d OCLCQ  |d OCLCO  |d UKMGB  |d MLM  |d OCLCO  |d OCLCL  |d OCLCQ  |d IG#  |d OCLCO 
015 |a GBA967549  |2 bnb 
016 7 |a 015307940  |2 Uk 
019 |a 966589731  |a 967861778  |a 973961299  |a 980445729  |a 985210714  |a 988973173  |a 993269316  |a 995519690  |a 1017889148  |a 1022662965  |a 1028004515  |a 1029787612  |a 1034899216  |a 1039492751  |a 1045739065  |a 1050292071  |a 1054967674  |a 1058996841 
020 |a 9781439133194  |q (hbk.) 
020 |a 1439133190  |q (hbk.) 
035 |a (OCoLC)316828590  |z (OCoLC)966589731  |z (OCoLC)967861778  |z (OCoLC)973961299  |z (OCoLC)980445729  |z (OCoLC)985210714  |z (OCoLC)988973173  |z (OCoLC)993269316  |z (OCoLC)995519690  |z (OCoLC)1017889148  |z (OCoLC)1022662965  |z (OCoLC)1028004515  |z (OCoLC)1029787612  |z (OCoLC)1034899216  |z (OCoLC)1039492751  |z (OCoLC)1045739065  |z (OCoLC)1050292071  |z (OCoLC)1054967674  |z (OCoLC)1058996841 
050 0 0 |a PR9369.3.F695  |b D73 2009 
082 0 0 |a 813/.54  |2 22 
082 0 0 |a 823.92  |2 22 
100 1 |a Freer, Dave.  |1 https://id.oclc.org/worldcat/entity/E39PBJcKMJtjyRHtM7dqM3xJjC 
245 1 0 |a Dragon's ring /  |c Dave Freer. 
260 |a Riverdale, NY :  |b Baen Books ;  |a New York :  |b Distributed by Simon & Schuster,  |c ©2009. 
300 |a 334 pages ;  |c 25 cm 
336 |a text  |b txt  |2 rdacontent 
337 |a unmediated  |b n  |2 rdamedia 
338 |a volume  |b nc  |2 rdacarrier 
500 |a "A Baen Books original"--Title page verso. 
520 |a Fionn, a black dragon, is bent on destroying the magical plane of Tasmarin, a community where the only hope lies in a female human mage who has fallen in with Fionn but actually may affect his dark plans after all. 
650 0 |a Magic  |v Fiction. 
650 7 |a Magic  |2 fast 
650 7 |a Fantastische Literatur  |2 gnd 
651 7 |a Englisch.  |2 swd 
651 7 |a Südafrika <Staat>  |2 swd 
655 0 |a Fantasy fiction. 
655 4 |a Fantasy fiction. 
655 7 |a Fantasy fiction  |2 fast 
655 7 |a Fiction  |2 fast 
655 7 |a Fantasy fiction.  |2 gsafd 
655 7 |a Fantasy fiction.  |2 lcgft 
758 |i has work:  |a Dragon's ring (Text)  |1 https://id.oclc.org/worldcat/entity/E39PCFxGJkmF6YY36wP78PVKkC  |4 https://id.oclc.org/worldcat/ontology/hasWork 
856 4 2 |3 Contributor biographical information  |u http://catdir.loc.gov/catdir/enhancements/fy0910/2009017405-b.html  |t 0 
856 4 2 |3 Publisher description  |u http://catdir.loc.gov/catdir/enhancements/fy0910/2009017405-d.html  |t 0 
938 |a Ingram Library Services  |b INGR  |n in016875466 
938 |a Brodart  |b BROD  |n 09898565  |c $24.00 
938 |a Baker and Taylor  |b BTCP  |n BK0008242817 
938 |a YBP Library Services  |b YANK  |n 3020458 
938 |a YBP Library Services  |b YANK  |n 8532928 
029 1 |a AU@  |b 000044169674 
029 1 |a HEBIS  |b 217662390 
029 1 |a NZ1  |b 13186097 
029 1 |a UKMGB  |b 015307940 
994 |a Z0  |b TXA 
948 |h HELD BY TXA - 107 OTHER HOLDINGS 
999 f f |s 3be81c28-fae2-45b1-a6d9-22397b949f93  |i 9708f7a8-94d5-497f-9750-682fb13e1b9f  |t 0 
952 f f |p noncirc  |a Texas A&M University  |b College Station  |c Cushing Memorial Library & Archives  |d Cushing: Science Fiction (Does not check out)  |t 0  |e PR9369.3.F695 D73 2009  |h Library of Congress classification  |i unmediated -- volume  |m A1485340864A 
998 f f |a PR9369.3.F695 D73 2009  |t 0  |l Cushing: Science Fiction (Does not check out)